1511 1824 1493 1217 1698 1775 1431 1458 1358 1097 1352 1624 1330 1679 1686 1853 1117 1971 1053 1403 1446 1367 1389 1248 1615 1995 1199 1595 1900 1025 1836 1782 1555 1564 1940 1359 1144 1263 1550 1280 1857 1132 1893 1586 1001 1377 1490 1790 1912 1653 1320 1236 1737 1999 1010 1453 1553 1925 1313 1238 1121 1150 1775 1656 1293 1537 1320 1078 1273 1344 1356 1151 1382 1355 1585 1008 1208 1317 1098 1670 1282 1004 1981 1659 1160 1537 1800 1425 1764 1877 1373 1055 1043 1565 1346 1533 1442 1229 1621 BCNSPRNW ULIB Ver.6.0+V

เปลี่ยนเป็นภาษาไทย

Change to English
 แสดงรายละเอียดบรรณานุกรม
  กลับหน้าหลัก

Brief Record : Get Marc (ISO 2709) : E-mail record : QR code < ปิดหน้าต่าง
LEADER : 00000nam 2200000uu 4500
001    13399123002
003     ULIB
008    131128s2555||||th 000 0 tha d
020    ^a9786162142406
090    ^aนว.^bพ656พ ล.1
100    ^aพนมเทียน
245    ^aเพชรพระอุมา : ไพรมหากาฬ ล.1 /^cพนมเทียน
250    พิมพ์ครั้งที่ 6
260    ^aกรุงเทพฯ :^bณ บ้านวรรณกรรม,^c2555
300    ^a408 หน้า
945    ^p225^l0^i034205
999    ^aเกษร โพธิ์สุวรรณ
รายการนี้ยังไม่มีแท็ก
คุณยังไม่ได้ล็อกอิน คุณสามารถมีกิจกรรมร่วมกับเว็บไซต์ได้ แต่ต้องล็อกอินก่อน ::
  ล็อกอิน

รายการสื่อสารสนเทศ

ลำดับที่ ประเภท เลขเรียก/บาร์โค้ด สถานที่ สถานะ
1. นวนิยาย
นวนิยาย
นว. พ656พ ล.1  
  Barcode: 034205
ห้องสมุดวิทยาเขตสวรรค์ประชารักษ์
►นวนิยาย
บนชั้น
  ขอยืม

รายการใกล้เคียง
    ผู้แต่ง [พนมเทียน]

BibComment


ยังไม่เคยถูกคอมเมนท์

คอมเมนท์ทรัพยากรรายการนี้
  คอมเมนท์: เพชรพระอุมา ไพร..


 Copyright 2026. Bcnsprnw @Library